| 000 | 00648nam a22001937a 4500 | ||
|---|---|---|---|
| 999 |
_c181451 _d181451 |
||
| 005 | 20210914164012.0 | ||
| 010 | _aUR-11230 | ||
| 020 |
_c175.00 _a9789390533169 |
||
| 035 | _aU-9785 | ||
| 037 | _bDBAD/PUB | ||
| 082 | _a500 | ||
| 100 | _aمر تبہ: سيد ا ختر علی | ||
| 245 |
_aر و من ا عد ا د _cمر تبہ: سيد ا ختر علی |
||
| 246 |
_aRoman Aadaad (Urdu) _bby Syed Akhtar Ali |
||
| 260 |
_aN.Delhi _c2020 ء _bEducational Publishing House |
||
| 270 |
_a3191, Vakil Street, Kucha Pandit Lal Kuan, _b Delhi _e110006 _l - |
||
| 300 |
_a145 ص _c22 Cm(Hb) |
||
| 942 |
_2ddc _cUR _h500 _mا خ ت |
||